La sistematización de experiencias : apuesta investigativa para innovar y transformar escenarios educativos y pedagógicos /

Detalles Bibliográficos
Otros Autores: Rico Molano, Alejandra Dalila (Editor), Cogollo Romero, Carlos Enrique (Editor)
Formato: Electrónico eBook
Lenguaje:español
Publicado: Bogotá, D.C., Colombia : Ediciones USTA, Universidad Santo Tomás, 2019.
Edición:Primera edición
Colección:Colección Discipulado ; vol. 3.
Materias:
Acceso en línea:Digitalia Hispánica

MARC

LEADER 00000nam a2200000Ii 4500
001 DIGEDUSTA069
003 NyNyDIG
008 210827s2019 ck ob 000 0 spa d
006 m o d
007 cr |||||||||||
035 |a (OCoLC)1125225325 
040 |a DGITA  |b eng  |e rda  |e pn  |c DGITA 
020 |a 9789587821840  |q eBook  |q pdf 
020 |z 9789587821833 
050 1 4 |a BF318.5 ebook 
082 0 4 |a 153.152 
245 0 3 |a La sistematización de experiencias :  |b apuesta investigativa para innovar y transformar escenarios educativos y pedagógicos /  |c Alejandra Dalila Rico Molano, Carlos Enrique Cogollo Romero, editores. 
264 1 |a Bogotá, D.C., Colombia :  |b Ediciones USTA, Universidad Santo Tomás,  |c 2019. 
250 |a Primera edición 
300 |a 1 online resource. 
336 |a text  |b txt  |2 rdacontent 
336 |a still image  |2 rdacontent 
337 |a computer  |b c  |2 rdamedia 
338 |a online resource  |b cr  |2 rdacarrier 
347 |a text file  |2 rdaft 
347 |b PDF 
490 1 |a Colección Discipulado 
504 |a Includes bibliographical references. 
588 0 |a Online resource; title from PDF title page (Digitalia, viewed August 27, 2021) 
650 0 |a Experiential learning. 
650 0 |a Education  |x Research. 
655 0 |a Electronic books. 
700 1 |a Rico Molano, Alejandra Dalila,  |e editor. 
700 1 |a Cogollo Romero, Carlos Enrique,  |e editor. 
791 2 |a Digitalia (Firm),  |e distributor. 
793 0 |g Digitalia eBook Collection:  |a Ediciones USTA 
776 0 8 |i Print version:  |t Sistematización de experiencias.  |b Primera edición.  |d Bogotá, D.C., Colombia : Ediciones USTA, Universidad Santo Tomás, 2019  |z 9789587821833  |w (DLC)2021356187  |w (OCoLC)1261774381 
830 0 |a Colección Discipulado ;  |v vol. 3. 
856 4 0 |3 Digitalia Hispánica  |u https://www.digitaliapublishing.com/a/79176/ 
910 |a Premium collection: 2021